00178nam a2200073Ia 4500008004100000041000800041100001800049245003700067230508s9999 xx 000 0 und d aeng aSALUNKHE N.S. aMECHANICAL ENGINEERING MATERIALS